000
00233 a2200085 4500
020
_a
978-8417412340
100
_a
Daniela Brambilla
245
_a
Human Figure Drawing: Drawing Gestures, Posturers and Movements
260
_b
Promopress
_c
2020
999
_c
13231
_d
13231